Statistics for 2015-16 Premier League Final Table

Click here to take the quiz!

General Stats

  • This quiz has been taken 54 times
  • The average score is 13 of 20

Answer Stats

PositionTeamWonDrewLostGF/GAGDPoints% Correct
1Leicester City2312368/363281
100%
2Arsenal2011765/362971
94%
4Manchester City1991071/413066
94%
5Manchester United1991049/351466
94%
3Tottenham Hotspur1913669/353470
94%
8Liverpool16121063/501360
81%
10Chelsea12141259/53650
77%
6Southampton1891159/411863
74%
7West Ham United1614865/511462
68%
18Newcastle United9101944/65-2137
58%
20Aston Villa382727/76-4917
55%
15Crystal Palace1191839/51-1242
55%
11Everton11141359/55447
52%
9Stoke City1491541/55-1451
48%
19Norwich City972239/67-2834
45%
17Sunderland9121748/62-1439
45%
12Swansea City12111542/52-1047
42%
14West Bromwich Albion10131534/48-1443
42%
16Bournemouth1191845/67-2242
32%
13Watford1291740/50-1045
32%

Score Distribution

Percentile by Number Answered

Percent of People with Each Score

Your Score History

You have not taken this quiz